Lexikon der Betriebswirtschaft

Uložené v:
Podrobná bibliografia
Ďalší autori: Lück, Wolfgang
Médium: Kniha
Jazyk:German
Vydavateľské údaje: Berlin Die Wirtschaft 1990
Vydanie:1. Aufl.
Predmet:
Tagy: Pridať tag
Žiadne tagy, Buďte prvý, kto otaguje tento záznam!

MARC

LEADER 00000nam a2200000 4500
001 c010249
005 20221215124632.0
020 |a 3-349-00879-8 
041 0 |a ger 
044 |a DE 
245 1 0 |a Lexikon der Betriebswirtschaft  |c Edit. Wolfgang Lück 
250 |a 1. Aufl. 
264 1 |a Berlin  |b Die Wirtschaft  |c 1990 
300 |a 1347 s. 
610 2 0 |a hospodárstvo podnikové 
610 2 0 |a terminológia 
700 1 |a Lück, Wolfgang